Central Library OPAC University of Rajshahi

Mahatma Gandhi's ideas : (Record no. 25930)

MARC details
000 -LEADER
fixed length control field 00780cam a2200229 a 4500
001 - CONTROL NUMBER
control field 25930
003 - CONTROL NUMBER IDENTIFIER
rucl marc code BD-RjUL
005 - DATE AND TIME OF LATEST TRANSACTION
control field 20211209050940.0
008 - FIXED-LENGTH DATA ELEMENTS--GENERAL INFORMATION
fixed length control field 140319r19491929enkc b 001 0deng d
035 ## - SYSTEM CONTROL NUMBER
System control number (BD-RjUL)26000
040 ## - CATALOGING SOURCE
Original cataloging agency NZOC
Language of cataloging eng
Transcribing agency NZOC
Modifying agency NZOC
-- ANL
-- BD-RjUL
041 ## - LANGUAGE CODE
Language code of text/sound track or separate title eng
082 04 - DEWEY DECIMAL CLASSIFICATION NUMBER
Classification number 954.035092
Edition number 22
Author mark and year ANM 1949
100 1# - MAIN ENTRY--PERSONAL NAME
Personal name Andrews, C. F.
Fuller form of name (Charles Freer),
Dates associated with a name 1871-1940.
9 (RLIN) 79669
245 10 - TITLE STATEMENT
Title Mahatma Gandhi's ideas :
Remainder of title including selections from his writings /
Statement of responsibility, etc. by C. F. Andrews.
260 ## - PUBLICATION, DISTRIBUTION, ETC. (IMPRINT)
Place of publication, distribution, etc. London :
Name of publisher, distributor, etc. Allen & Unwin,
Date of publication, distribution, etc. 1929. [Impression 1949]
300 ## - PHYSICAL DESCRIPTION
Pagination 382 p. :
Illustrations port. ;
Size 23 cm.
504 ## - BIBLIOGRAPHY, ETC. NOTE
Bibliography, etc Includes bibliographical references and index.
600 00 - SUBJECT ADDED ENTRY--PERSONAL NAME
Personal name Gandhi,
Titles and other words associated with a name Mahatma,
Dates associated with a name 1869-1948.
700 1# - ADDED ENTRY--PERSONAL NAME
Personal name Alexander, Horace G
942 ## - ADDED ENTRY ELEMENTS (KOHA)
Source of classification or shelving scheme Dewey Decimal Classification
Koha item type Books
Holdings
Lost status Source of classification or shelving scheme Damaged status Not for loan Collection code Permanent Location Current Location Shelving location Date acquired Source of acquisition Cost, normal purchase price Total Checkouts Full call number Date last seen Copy number Koha item type
  Dewey Decimal Classification   Added to bundle Non-fiction Central Library, University of Rajshahi Central Library, University of Rajshahi Reading Room 03/08/1972 Book centre 38.50   954.035092 ANM 1949 19/03/2014 C-1 Books